| 000 | 00000nam##2200000za#4500 |
| 001 | 9.696554 |
| 003 | CaOODSP |
| 005 | 20210624235103 |
| 007 | cr ||||||||||| |
| 008 | 150407|1992||||xxc|||||o f|0| 0 eng|d |
| 040 | |aCaOODSP|beng |
| 043 | |an-cn--- |
| 086 | 1 |aH68-32/1992E-PDF |
| 110 | 1 |aCanada.|bNational Council of Welfare. |
| 245 | 14|aThe 1992 budget and child benefits |h[electronic resource] |
| 260 | |aOttawa - Ontario : |bNational Council of Welfare |c1992. |
| 300 | |a34p.|btable |
| 500 | |aThe catalogue number (H68-32/1992E) and ISBN (0-662-19970-7) for the print edition have been incorrectly copied in the pdf edition. |
| 590 | |a12-35-Supp|b2012-08-09 |
| 690 | 07|aFamily allowances|2gcpds |
| 775 | 08|tLe budget de 1992 et les prestations pour enfants |w(CaOODSP)9.640663 |
| 776 | 0#|tThe 1992 budget and child benefits : |w(CaOODSP)9.644596 |
| 856 | 40|ahttp://publications.gc.ca|qPDF|s1.41 MB|uhttps://publications.gc.ca/collections/collection_2012/cnb-ncw/H68-32-1992-eng.pdf |